00665nam a2200181 a 450000100100000000500170001000800410002704000250006808200160009311000620010924500370017126000370020830000330024550400650027804900090034395201140035299900170046600003202620200930063352.0110712s19uu dr d 000 0 spa d aDO-SdBNPbspacBNPHU axxxxbA837e2 aAsociacion Dominicana de Rectores de Universidades93657610aEducación superior no estatal. a[Santo Domingo :bs.n.,c19uu?]. a[12 p.] :bgráf. ;c21 cm. aIncluye referencias bibliográficas al pie de las páginas aBNPD 0010718PDaPDbPDcCTd2011-07-12iLF1l0oxxxx A837ep32026-10r2020-06-25w2020-06-25yLFPDZNo se presta c31517d31517